Albany Park : an autobiography /

Bibliographic Details
Main Author: Chaplin, Patrice
Format: Book
Language:English
Published: New York, N.Y. : Viking, 1987
Edition:1st American ed.
Subjects:

MARC

Tag First Indicator Second Indicator Subfields
LEADER 00000cam a2200000 a 4500
001 in00000012910
005 20151007052300.0
008 860808r1987 nyu 00010aeng
010 |a  86045859  
020 |a 0670812439 
035 |a (OCoLC)14132145 
035 |9 AAA7108AM 
040 |a DLC  |c DLC  |d TXA  |d UtOrBLW 
043 |a e-sp--- 
049 |a TXAM  |c [A11462903] 
050 0 0 |a PR6053.H348  |b Z463 1987 
082 0 |a 828/.91403  |a B  |2 19 
100 1 |a Chaplin, Patrice. 
245 1 0 |a Albany Park :  |b an autobiography /  |c Patrice Chaplin. 
250 |a 1st American ed. 
264 1 |a New York, N.Y. :  |b Viking,  |c 1987 
264 4 |c ©1986 
300 |a 191 pages ;  |c 23 cm. 
336 |a text  |b txt  |2 rdacontent 
337 |a unmediated  |b n  |2 rdamedia 
338 |a volume  |b nc  |2 rdacarrier 
600 1 0 |a Chaplin, Patrice  |x Childhood and youth. 
650 0 |a Novelists, English  |y 20th century  |v Biography. 
651 0 |a Spain  |x Description and travel. 
999 |a MARS 
999 f f |s c7d5b7d0-c303-3d28-b0f7-fba94ecdb33c  |i 61a53e74-9ef8-3b9d-bc65-d36f011aaf3e  |t 0 
952 f f |p ric  |a Texas A&M University  |b Rellis Campus  |c Joint Library Facility  |d Remote Storage  |t 0  |e PR6053.H348 Z463 1987  |h Library of Congress classification  |i unmediated -- volume  |m A14811462903 
998 f f |a PR6053.H348 Z463 1987  |t 0  |l Remote Storage